00338 a2200133 450000100060000002000240000604000220003010000220005224000370007424500320011130000100014336200090015365000420016267280 a8536307307 (broch.) cAnchieta - Pituba aMeirieu, Philippe10aCarta a um jovem professor lpor10aCarta a um jovem professor  a93p. 0 a2006 4aProfessores e atividades relacionadas